Aprender a vivir siendo otro!: construcción histórica de los pueblos huilliche y mapuche. Wallmapu, siglo XX

Gespeichert in:
Bibliographische Detailangaben
1. Verfasser: Carillanca Carillanca, Carolina (VerfasserIn)
Format: Buch
Sprache:Spanisch
Veröffentlicht: Osorno Universidad de Los Lagos 2011
Ausgabe:1a. ed
Schriftenreihe:Colección Investigadores
Programa de Estudios y Documentación en Ciencias Humanas
Schlagworte:
Tags: Tag hinzufügen
Keine Tags, Fügen Sie den ersten Tag hinzu!

MARC

LEADER 00000cam a2200000 a 4500
001 UCF1391
003 CL-VaPUC
008 120629e20111200CL |||||||||||||||||spa|d
020 |a 9789568709464 
082 0 4 |a 983.45  |b CAR  |2 21 
100 0 |a Carillanca Carillanca, Carolina  |e author  |9 562938 
245 1 0 |a Aprender a vivir siendo otro!: construcción histórica de los pueblos huilliche y mapuche. Wallmapu, siglo XX 
250 |a 1a. ed 
300 |a 152 p 
942 |c BK 
945 |d 20120629 00:00:00  |a dcastane 
260 |a Osorno  |b Universidad de Los Lagos  |c 2011 
650 0 |a Historia de Chile  |9 265473 
650 0 |a Pueblos indígenas   |9 357564 
650 0 |a Mapuches   |9 392456 
650 0 |a Integración social  |9 319662 
650 7 |a MEMORIA ETNICA  |2 CL-VaPUC  |9 562939 
583 |a last modification  |c 20120629 12:35:00  |k Rodrigo Vera 
490 0 |a Colección Investigadores 
490 0 |a Programa de Estudios y Documentación en Ciencias Humanas 
999 |c 348197  |d 348195 
952 |0 0  |1 0  |4 0  |6 983_450000000000000_CAR_2011  |7 0  |8 A  |9 450126  |a BIBHIS  |b BIBHIS  |d 2019-11-22  |i 4879759  |o 983.45 CAR 2011  |p 4879759  |r 2025-01-20  |w 2019-11-22  |y BK  |k HIS